[Event "Saitek US Masters"]
[Site "Hawaii"]
[Date "1998.07.23"]
[Round "3"]
[White "Boissonnier, Kimo"]
[Black "Villamayor, Bong"]
[Result "0-1"]
[WhiteElo "2025"]
[BlackElo "2280"]

1.d4 d5 2.Nf3 Nf6 3.c4 c6 4.Qc2 e6 5.Bg5 Nbd7 6.e3 Qa5+ 7.Nbd2 Ne4 8.Bf4 Bb4
9.Bd3 Nxd2 10.Nxd2 dxc4 11.Bxc4 O-O 12.Rd1 e5 13.dxe5 Nxe5 14.O-O Bg4 15.Nb3 Bxd1
16.Rxd1 Qc7 17.Qf5 Rae8 18.Bd3 g6 19.Qe4 Nxd3 20.Qxe8 Nxf4 21.Qe4 Rd8 22.Rb1 Nd5
23.g3 Be7 24.Nd4 Bf6 25.Rd1 Qe7 26.Qd3 Nb4  0-1

[Event "RUS-Cup07"]
[Site "Tomsk"]
[Date "1998.07.23"]
[Round "9"]
[White "Fominyh, Alexander"]
[Black "Garagulya, K."]
[Result "1/2-1/2"]
[WhiteElo "2530"]
[BlackElo "2330"]

1.d4 d5 2.Nf3 Nf6 3.c4 c6 4.Qc2 e6 5.Bg5 Qa5+ 6.Bd2 Qd8 7.g3 Nbd7 8.Bg2 Bd6
9.O-O O-O 10.Bg5 h6 11.Bxf6 Qxf6 12.Nbd2 dxc4 13.Nxc4 e5 14.Nxd6 Qxd6 15.Rfd1 exd4
16.Nxd4 Qe5 17.a4 Nf6 18.b4 Be6 19.Ra3 Rfd8 20.Rad3 Bd5 21.f3 Qe7 22.Nf5 Qxb4
23.e4 Qb6+ 24.Qf2 Bxe4 25.fxe4 Rxd3 26.Rxd3 Qb1+ 27.Qf1 Qb6+ 28.Kh1 Ng4 29.Rd2 Qb4
30.Qe2 Ne5 31.Rd1 Qc5 32.h3 Re8 33.Qb2 b6 34.Rc1 Qa5 35.Nd6 Rd8 36.Nf5 f6
37.Qb3+ Kh7 38.Rd1 Rd2 39.Rf1 Qc5 40.Qe6 Qc4 41.Qe7 Rd7 42.Qe8 Qxa4 43.Ne7 Qc4
44.Ng6 Qg8 45.Nf8+ Kh8 46.Ng6+ Kh7  1/2-1/2

[Event "North Bay op"]
[Site "North Bay"]
[Date "1998.08.05"]
[Round "2"]
[White "Shapiro, Daniel E"]
[Black "Olson, David L"]
[Result "1/2-1/2"]
[WhiteElo "2305"]
[BlackElo "2135"]

1.d4 d5 2.c4 c6 3.Nf3 Nf6 4.Qb3 dxc4 5.Qxc4 Bf5 6.g3 e6 7.Bg2 Nbd7 8.O-O Be7
9.Nc3 Rc8 10.Rd1 Bc2 11.a4 Bxd1 12.Nxd1 c5 13.Bf4 O-O 14.Nc3 Nb6 15.Qd3 Nbd5
16.Be5 Ng4 17.Nxd5 exd5 18.Bf4 Nf6 19.dxc5 Bxc5 20.Bh3 Rc6 21.Ne5 Rb6 22.Qc2 Bd4
23.Nd3 Rc6 24.Qd1 Nh5 25.Bd2 Nf6 26.e3 Bb6 27.a5 Bc7 28.Bc3 Ne4 29.Bd4 Bxa5
30.Ne5 Rh6 31.Bf5 Bb6 32.Nd7 Bxd4 33.Nxf8 Bxb2 34.Rxa7 Qxf8 35.Qxd5 Nd6 36.Qa2 Bf6
37.Ra8 Bd8 38.Qd5 Rf6 39.e4 g6 40.e5 Rxf5 41.Qxd6 Qxd6 42.exd6 Rd5 43.Rxd8+ Kg7
44.Rb8  1/2-1/2

[Event "RUS-ch51"]
[Site "St Petersburg"]
[Date "1998.08.06"]
[Round "10"]
[White "Yakovich, Yuri"]
[Black "Poluljahov, Aleksandr"]
[Result "0-1"]
[WhiteElo "2560"]
[BlackElo "2530"]

1.d4 d5 2.c4 c6 3.Nf3 dxc4 4.e3 Be6 5.Nc3 b5 6.a4 b4 7.Ne4 Nf6 8.Nc5 Bd5
9.Bd2 e6 10.Bxb4 Nbd7 11.Nd2 Rb8 12.Bc3 Nxc5 13.dxc5 Bxc5 14.Bxc4 Bxc4 15.Nxc4 Qd5
16.Qe2 Qxg2 17.O-O-O Qg4 18.f3 Qh4 19.Rhg1 O-O 20.f4 g6 21.Ne5 Nd5 22.Bd4 Bxd4
23.Rxd4 c5 24.Rc4 Rb4 25.Rxc5 Rfb8 26.Rc2 Rxa4 27.Kb1 Qe7 28.Rgc1 Kg7 29.Rc4 Qa3
30.Rxa4 Qxa4 31.Qc4 Rb4 32.Qc8 Qb3 33.Rc2 Nxe3 34.Rd2 Nc4 35.Nxc4 Qxc4 36.Qd8 Qxf4  0-1

[Event "MK Cafe Cup-A"]
[Site "Koszalin"]
[Date "1998.08.09"]
[Round "7"]
[White "Grabarczyk, Miroslaw"]
[Black "Slobodjan, Roman"]
[Result "1/2-1/2"]
[WhiteElo "2470"]
[BlackElo "2575"]

1.d4 d5 2.Nf3 Nf6 3.c4 c6 4.Qc2 g6 5.cxd5 cxd5 6.Nc3 Nc6 7.Bf4 Bg7 8.e3 O-O
9.Bb5 Bd7 10.O-O Rc8 11.Bxc6 Bxc6 12.Be5 e6 13.Rfc1 Qe7 14.Qb3 Rfd8 15.Rc2 Nd7
16.Bxg7 Kxg7 17.Rac1 Nb6 18.Nb5 Bxb5 19.Qxb5 Rxc2 20.Rxc2 Nc4 21.b3  1/2-1/2

[Event "MK Cafe Cup-A"]
[Site "Koszalin"]
[Date "1998.08.11"]
[Round "9"]
[White "Kengis, Edvins"]
[Black "Pedzich, Dominik"]
[Result "1/2-1/2"]
[WhiteElo "2570"]
[BlackElo "2435"]

1.Nf3 d5 2.d4 Nf6 3.c4 c6 4.Qc2 e6 5.g3 Be7 6.Bg2 O-O 7.O-O Nbd7 8.Rd1 b5
9.Ne5 Bb7 10.Nxd7 Qxd7 11.c5 Ne4 12.f3 Nf6 13.Be3 Ne8 14.Nd2 f5 15.Bf2 Nf6
16.h3 Nh5 17.e3 g6 18.f4 Nf6 19.Nf3 Qc7 20.Ne5 Nd7 21.Nd3 a5 22.a3 Nf6 23.Ne5 Nd7  1/2-1/2

[Event "Mislata op7th"]
[Site "Valencia"]
[Date "1998.08.15"]
[Round "3.2"]
[White "Arencibia, Walter"]
[Black "Mancebo Ibanez, Fernando"]
[Result "1/2-1/2"]
[WhiteElo "2550"]
[BlackElo "2215"]

1.d4 d5 2.c4 c6 3.Nf3 dxc4 4.e3 b5 5.a4 e6 6.b3 Bb4+ 7.Bd2 Bxd2+ 8.Nbxd2 c3
9.Ne4 b4 10.Ne5 Nh6 11.Bd3 a5 12.Qh5 O-O 13.g4 f5 14.Ng5 Nd7 15.Nxc6 Qe8
16.Nxe6 Ne5 17.Nxe5 Bxe6 18.Qxe8 Rfxe8 19.g5 Nf7 20.Nxf7 Kxf7 21.Bc2 Bd5
22.Rg1 f4 23.Ke2 Be4 24.Bxe4 Rxe4 25.Kf3 Rae8 26.Rg4 Kg6 27.Rxf4 Rxf4+ 28.Kxf4 Rf8+
29.Kg3 Kxg5 30.Ra2 Kf5 31.Kf3 Re8 32.Re2 Rc8 33.e4+ Ke6 34.Rc2 g5 35.Ke3 Kd6
36.f3 h6 37.Kd3 Rf8 38.Ke3  1/2-1/2

[Event "Dresden op"]
[Site "Dresden"]
[Date "1998.08.23"]
[Round "8"]
[White "Chekhov, Valery A"]
[Black "Schmidt, Bodo"]
[Result "1/2-1/2"]
[WhiteElo "2525"]
[BlackElo "2330"]

1.d4 d5 2.c4 c6 3.Nf3 Nf6 4.Qc2 g6 5.Bf4 Bg7 6.e3 Bf5 7.Qb3 Qb6 8.c5 Qxb3
9.axb3 Bxb1 10.Rxb1 Nbd7 11.h3 O-O 12.b4 a6 13.Bd3 Ne4 14.O-O Rfe8 15.Rfd1 f5
16.Ne5 Nef6 17.Nf3 Ne4 18.Bh2 e5 19.Bf1 h6 20.Ra1 Rac8 21.Ra3 Re7 22.Nh4 Kf7
23.f3 Nef6 24.g4 fxg4 25.fxg4 Ne4 26.Bg2 exd4 27.exd4 Bf6 28.Nf3 Rce8 29.h4 g5
30.h5 Kg8 31.Bf1 Bg7 32.Bd3 Ndf6 33.Ne5 Nd7 34.Nf3 Ndf6 35.Ne5 Nd7  1/2-1/2

[Event "Herzliya"]
[Site "Herzliya"]
[Date "1998.09.08"]
[Round "3"]
[White "Haimovich, Tal"]
[Black "Bykhovsky, Avigdor"]
[Result "0-1"]
[WhiteElo "2280"]
[BlackElo "2455"]

1.d4 d5 2.c4 c6 3.Nf3 dxc4 4.e3 Be6 5.a4 Nf6 6.Nc3 Bd5 7.Ne5 e6 8.f3 c5 9.e4 cxd4
10.exd5 dxc3 11.Bxc4 Bd6 12.dxe6 fxe6 13.Qe2 O-O 14.O-O Qc7 15.f4 Kh8 16.bxc3 Nc6
17.Nxc6 Qxc6 18.Rf3 Nd5 19.Bxd5 exd5 20.Qb5 a6 21.Qxc6 bxc6 22.Ba3 Bxa3 23.Rxa3 Rab8
24.g3 Rfe8 25.Kg2 Kg8 26.Ra2 Re4 27.Rd3 Rb3 28.Kf3 Rc4 29.Ke3 Rbxc3 30.Rxc3 Rxc3+
31.Kd4 Rc4+ 32.Ke5 h5 33.f5 Kf7 34.Rb2 Re4+ 35.Kd6 Rxa4 36.Kxc6 d4 37.Kd5 Kf6
38.Ke4 d3+ 39.Kxd3 Kxf5 40.Ke3 Kg4 41.Rb7 g5 42.Rg7 Ra5 43.Rh7 Ra2 44.h4 Ra3+
45.Kf2 Rf3+ 46.Ke2 Rxg3 47.hxg5 Kxg5 48.Kf2 Rb3 49.Rg7+ Kh4 50.Ra7 Rb6 51.Kg2 Kg4
52.Kf2 Rg6 53.Rc7 h4 54.Rc4+ Kh5 55.Rc5+ Rg5 56.Rc8 Rf5+ 57.Kg2 Kg4 58.Rc4+ Rf4
59.Rc5 h3+ 60.Kh2 Rf2+ 61.Kg1 Rf5 62.Rc6 a5 63.Kh2 Rf2+ 64.Kg1 Rf3 65.Ra6 Ra3
66.Rf6 a4 67.Ra6 Ra1+ 68.Kh2 Ra2+ 69.Kg1 a3 70.Ra8 Rg2+ 71.Kh1 Rg3 72.Ra7 Rc3
73.Rf7 Rc1+ 74.Kh2 Rc2+ 75.Kg1 a2  0-1

[Event "Herzliya"]
[Site "Herzliya"]
[Date "1998.09.13"]
[Round "8"]
[White "Bykhovsky, Avigdor"]
[Black "Zifroni, Dov"]
[Result "0-1"]
[WhiteElo "2455"]
[BlackElo "2505"]

1.d4 d5 2.c4 c6 3.Nf3 Nf6 4.Qc2 g6 5.Bf4 Bg7 6.e3 O-O 7.Nc3 Bg4 8.Ne5 Be6
9.h3 Nbd7 10.c5 Nxe5 11.Bxe5 b6 12.cxb6 axb6 13.Bd3 c5 14.Qd1 c4 15.Bc2 b5
16.Nxb5 Qb6 17.a4 Bd7 18.O-O Bxb5 19.axb5 Qxb5 20.b3 cxb3 21.Rxa8 Rxa8 22.Bxb3 Ne4
23.Bxg7 Kxg7 24.Bc2 Nc3 25.Qd3 Qb2 26.Bd1 Ra2 27.Bf3 e6 28.g4 f5 29.g5 h6
30.gxh6+ Kxh6 31.h4 Kg7 32.Kg2 Kf6 33.Bd1 g5 34.hxg5+ Kxg5 35.Bf3 Kf6 36.Kg1 Ke7
37.Kg2 Kf6 38.Kg1 Ra7 39.Re1 Rh7 40.Bg2 Rg7 41.Kf1 Ra7 42.Kg1 Ra2 43.Qf1 Ne2+
44.Rxe2 Qxe2 45.Qxe2 Rxe2 46.Kf1 Ra2 47.f4 Ke7 48.Bf3 Kd6 49.Bh5 Rh2 50.Be8 Kc7
51.Ke1 Rh8 52.Bb5 Rd8 53.Kd2 Kb6 54.Ba4 Ka5 55.Bc6 Kb4 56.Kd3 Rd6 57.Be8 Ka5
58.Bf7 Kb6 59.Kc3 Kc6 60.Be8+ Kc7 61.Kd2 Rd8 62.Bb5 Rb8 63.Ba4 Rb7 64.Kd3 Kb6
65.Be8 Ka5 66.Bc6 Ra7 67.Be8 Kb4 68.Bh5 Kb3 69.Bd1+ Kb2 70.Kd2 Rh7 71.Ba4 Rh2+
72.Kd3 Kc1 73.Bd7 Rh6 74.Bc8 Kd1 75.Bd7 Ke1 76.Bc8 Kf2 77.Kd2 Kf3 78.Kd3 Kf2
79.Kd2 Rh3 80.Bxe6 Rxe3 81.Bxf5 Kf3 82.Bg6 Ra3 83.Bb1 Kxf4 84.Bc2 Rh3 85.Bb1 Rh2+
86.Kd3 Rh3+ 87.Kd2 Ra3 88.Bc2 Kg5 89.Bd3 Kf6 90.Ke3 Ke6 91.Kd2 Kd6 92.Bb5 Kc7
93.Be8 Rf3 94.Bh5 Rf4 95.Ke3 Re4+ 96.Kd3 Kc6 97.Bf3 Rf4 98.Ke3 Rf8 99.Bg2 Rf5
100.Bh3 Rg5 101.Bf1 Kb6 102.Be2 Rf5 103.Bg4 Rf6 104.Bf3 Kc6 105.Be2 Re6+
106.Kd2 Re4 107.Kd3 Rh4 108.Bf3 Rh2 109.Ke3 Ra2 110.Be2 Kd6 111.Bd3 Ke6 112.Bb1 Ra3+
113.Kd2 Rh3 114.Bd3 Kd6 115.Be2 Kc6 116.Bf1 Rg3 117.Be2 Kb6 118.Bd3 Ka5 119.Bf1 Kb4
120.Be2 Rh3 121.Bf1 Rg3 122.Be2 Rh3 123.Bf1 Rh4 124.Kd3 Rg4 125.Be2 Rg3+
126.Kd2 Kb3 127.Bf1 Rc3 128.Bd3 Rc8 129.Bb1 Kc4 130.Bd3+ Kxd4 131.Bh7 Rf8
132.Bg6 Rf2+ 133.Ke1 Ke3 134.Bh7 d4 135.Bg6 Rg2  0-1

[Event "Budapest FS10 IM-B"]
[Site "Budapest"]
[Date "1998.10.03"]
[Round "1"]
[White "Dudas, Janos"]
[Black "Fang, Joseph"]
[Result "1/2-1/2"]
[WhiteElo "2340"]
[BlackElo "2315"]

1.d4 d5 2.c4 c6 3.Nf3 Nf6 4.Qc2 g6 5.Bf4 Bf5 6.Qb3 Qb6 7.c5 Qxb3 8.axb3 Nbd7
9.Nc3 a6 10.e3 Bg7 11.Be2 O-O 12.Ne5 Nxe5 13.Bxe5 Rae8 14.Bf3 Bh6 15.Bxf6 exf6
16.Kd2 Re7 17.g4 Bc8 18.h4 f5 19.g5 Bg7 20.Ne2 h5 21.Nf4 Rfe8 22.Rhe1  1/2-1/2

[Event "Elista ol (Men)"]
[Site "Elista"]
[Date "1998.10.03"]
[Round "5"]
[White "Nilssen, John Arni"]
[Black "Lalic, Bogdan"]
[Result "1/2-1/2"]
[WhiteElo "2305"]
[BlackElo "2560"]

1.Nf3 d5 2.d4 c6 3.c4 dxc4 4.e3 Be6 5.a4 Nf6 6.Na3 c5 7.Nxc4 Nc6 8.Nce5 Bd5
9.Bd3 cxd4 10.exd4 e6 11.O-O Be7 12.Nxc6 bxc6 13.Ne5 O-O 14.Be3 Qb6 15.Qc2 Rab8
16.a5 Qb7 17.Rfc1 Rfc8 18.Qe2 Qxb2 19.Qxb2 Rxb2 20.Ba6 Rd8 21.Nxc6 Bxc6 22.Rxc6 Nd5
23.Bc1 Rbb8 24.Bd2 h6 25.Rac1 Ba3 26.R1c2 Nb4 27.Bxb4 Bxb4 28.Rc7 Bxa5 29.Rxa7 Rb1+
30.Bf1 Bb6 31.Ra4 e5 32.g3 Bxd4 33.Kg2 g6 34.Rac4 Rd7 35.h4 Kg7 36.Rc6 h5
37.Be2 Rdb7 38.Bf3 R1b2 39.Bd5 Rxc2 40.Rxc2 Rb5 41.Bc4 Ra5 42.Bb3 Ra7 43.Bd5 f5
44.Bb3 e4 45.Rd2 Rd7 46.Ba4 Rd6 47.Rc2 e3 48.f4 Ra6 49.Bb5 Rb6 50.Be2 Kf6  1/2-1/2

[Event "Elista ol (Men)"]
[Site "Elista"]
[Date "1998.10.03"]
[Round "5"]
[White "Borges Mateos, Juan"]
[Black "Rausis, Igors"]
[Result "1-0"]
[WhiteElo "2470"]
[BlackElo "2535"]

1.d4 d5 2.c4 c6 3.Nf3 dxc4 4.e3 Be6 5.Nc3 b5 6.Ng5 Bc8 7.a4 e6 8.Nge4 b4
9.Nb1 Ba6 10.Qc2 Nf6 11.Nxf6+ Qxf6 12.Nd2 Qg6 13.Qxg6 hxg6 14.Nxc4 c5 15.dxc5 Bxc5
16.Bd2 Ke7 17.Rc1 Rc8 18.Na5 Bd6 19.Rxc8 Bxc8 20.Be2 a6 21.O-O Bd7 22.Bf3 Ra7
23.b3 Rc7 24.Nb7 Rc2 25.Rd1 Bc6 26.Nxd6 Bxf3 27.gxf3 Kxd6 28.Bxb4+ Kc6 29.Rd8 Kb7
30.Bd6 Nc6 31.Rd7+ Kb6 32.b4 a5 33.Bc5+ Rxc5 34.bxc5+ Kxc5 35.f4 e5 36.Rxf7  1-0

[Event "Elista ol (Men)"]
[Site "Elista"]
[Date "1998.10.04"]
[Round "6"]
[White "Tratar, Marko"]
[Black "Borges Mateos, Juan"]
[Result "1-0"]
[WhiteElo "2450"]
[BlackElo "2470"]

1.Nf3 d5 2.d4 Nf6 3.c4 c6 4.Qc2 g6 5.Bf4 Bg7 6.e3 O-O 7.Nc3 Be6 8.Qb3 Qb6
9.c5 Qxb3 10.axb3 Nh5 11.Be5 Nd7 12.Bxg7 Nxg7 13.b4 a6 14.h3 f6 15.Bd3 Bf5
16.Bxf5 gxf5 17.Nh4 Kf7 18.Kd2 Rg8 19.Rhg1 e6 20.f4 Raf8 21.Ne2 Ke8 22.g4 fxg4
23.hxg4 Kf7 24.f5 exf5 25.gxf5 Nh5 26.Nf3 Rxg1 27.Rxg1 Ng7 28.Ng3 Rh8 29.Rh1 h5
30.Nh4 Nf8 31.e4 Nd7 32.Re1 Re8 33.Re3 b6 34.exd5 cxd5 35.Rxe8 Kxe8 36.Ne2 bxc5
37.dxc5 Ne5 38.Nf4 d4 39.Nd5 Nc6 40.Nc7+ Kd8 41.Nxa6 Ne7 42.b5 Ngxf5 43.Nxf5 Nxf5
44.b6 Ne7 45.b7 Nc6 46.b4  1-0

[Event "Elista ol (Men)"]
[Site "Elista"]
[Date "1998.10.06"]
[Round "8"]
[White "Hoffman, Alejandro"]
[Black "Thorhallsson, Throstur"]
[Result "0-1"]
[WhiteElo "2525"]
[BlackElo "2495"]

1.d4 d5 2.c4 c6 3.Nf3 Nf6 4.Qc2 e6 5.g3 Be7 6.Bg2 O-O 7.O-O Nbd7 8.Rd1 b6
9.b3 Bb7 10.Nc3 Qc7 11.Bf4 Bd6 12.Bxd6 Qxd6 13.e4 Nxe4 14.Nxe4 dxe4 15.Qxe4 Rad8
16.Qc2 g6 17.Rd2 Qc7 18.Rad1 c5 19.Qb2 cxd4 20.Rxd4 Nc5 21.h4 h5 22.b4 Ne4
23.Qc2 Nf6 24.Qd2 Rxd4 25.Qxd4 Ng4 26.Qd7 Qxd7 27.Rxd7 Bxf3 28.Bxf3 Ne5 29.Rxa7 Nxf3+
30.Kg2 Ne5 31.c5 bxc5 32.b5 c4 33.Rc7 Kg7 34.b6 Rb8 35.b7 c3  0-1

[Event "Budapest FS10 GM"]
[Site "Budapest"]
[Date "1998.10.07"]
[Round "5"]
[White "Hoffmann, Michael"]
[Black "Barbero, Gerardo F"]
[Result "1/2-1/2"]
[WhiteElo "2440"]
[BlackElo "2415"]

1.d4 Nf6 2.c4 c6 3.Nf3 d5 4.Qc2 dxc4 5.Qxc4 Bf5 6.Nc3 e6 7.g3 Be7 8.Bg2 O-O
9.O-O Nbd7 10.e3 Ne4 11.Qe2 Nxc3 12.bxc3 Be4 13.Rd1 Qa5 14.c4 Qh5 15.h3 c5
16.Bb2  1/2-1/2

[Event "Elista ol (Men)"]
[Site "Elista"]
[Date "1998.10.11"]
[Round "12"]
[White "Borges Mateos, Juan"]
[Black "Hillarp Persson, Tiger"]
[Result "1/2-1/2"]
[WhiteElo "2470"]
[BlackElo "2410"]

1.Nf3 d5 2.d4 Nf6 3.c4 c6 4.Qc2 dxc4 5.Qxc4 Bf5 6.g3 e6 7.Bg2 Nbd7 8.Nc3 Be7
9.O-O O-O 10.e3 Ne4 11.Rd1 Nb6 12.Qb3 Nxc3 13.bxc3 Be4 14.c4 Qc7 15.c5 Nd7
16.Ba3 Rfe8 17.Rac1 Rad8 18.Bb4 Qb8 19.Nd2 Bxg2 20.Kxg2 e5 21.Bc3 b6 22.cxb6 exd4
23.bxa7 Qxb3 24.Nxb3 dxc3 25.a8=Q Rxa8 26.Rxd7 Bb4 27.Rc2 Kf8 28.Kf3 Re7
29.Rd4 c5 30.Rc4 Rc7 31.Nc1 Rd7 32.Nb3 Rc7 33.Nc1 Rd8 34.Nb3 Ra8 35.Ke2 Ke7
36.Nc1 Rca7 37.Rh4 Rd8 38.Nd3 Rad7 39.Nxb4 cxb4 40.Re4+ Kf6 41.Rxb4 Rd2+
42.Rxd2 Rxd2+ 43.Kf3 Rxa2 44.Rc4 c2 45.e4 h5  1/2-1/2

[Event "NRW Sportland Cup Masters"]
[Site "Senden"]
[Date "1998.10.11"]
[Round "4"]
[White "Lingnau, Carsten"]
[Black "Woller, Rainer"]
[Result "0-1"]
[WhiteElo "2395"]
[BlackElo "2210"]

1.Nf3 d5 2.d4 Nf6 3.c4 c6 4.Qc2 e6 5.g3 Be7 6.Bg2 O-O 7.O-O Nbd7 8.b3 b6
9.Rd1 Ba6 10.Nbd2 Rc8 11.e4 c5 12.exd5 exd5 13.Bb2 Re8 14.Qf5 g6 15.Qh3 Bd6
16.Ng5 h5 17.cxd5 cxd4 18.Nde4 Nxe4 19.Nxe4 Be5 20.f4 Bg7 21.Bxd4 Be2 22.Bxg7 Kxg7
23.Re1 Rc2 24.Rac1 Bd3 25.Nf2 Bf5 26.Qh4 Qxh4 27.gxh4 Rxe1+ 28.Rxe1 Rxa2
29.Be4 Rd2 30.Bxf5 gxf5 31.Rc1 Rxd5 32.Rc7 a5 33.Nh1 Kg6 34.Ng3 f6 35.Rb7 Rd6
36.Kf2 Nc5 37.Rb8 Nxb3 38.Rg8+ Kh7 39.Rb8 Kg6 40.Rg8+ Kh7 41.Rb8 Nc5 42.Ke3 a4
43.Nxf5 Rd3+ 44.Ke2 a3 45.Ra8 Rh3 46.Kd1 b5 47.Ne7 Na4 48.Ra7 a2 49.Nf5+ Kg8
50.Ra8+ Kf7 51.Ra7+ Ke6 52.Nd4+ Kd5 53.Nc2 Rxh2  0-1

[Event "Andres Clemente Vazquez mem"]
[Site "Guiines"]
[Date "1998.10.13"]
[Round "1"]
[White "Elissalt Cardenas, Hector"]
[Black "Gonzalez, Renier"]
[Result "0-1"]
[WhiteElo "2310"]
[BlackElo "2385"]

1.d4 d5 2.c4 c6 3.Nf3 dxc4 4.e3 Bg4 5.Nbd2 Nd7 6.h3 Bh5 7.Nxc4 Ngf6 8.Be2 e6
9.Qb3 Qc7 10.Bd2 Be7 11.Rc1 O-O 12.g4 Bg6 13.Nfe5 Nxe5 14.Nxe5 Ne4 15.Bc3 Bd6
16.Nxg6 hxg6 17.Bf3 Nxc3 18.bxc3 Rab8 19.O-O Qe7 20.Bg2 g5 21.Rb1 g6 22.Rbe1 Kg7
23.f4 Qf6 24.fxg5 Qxg5 25.Rf3 b5 26.Ref1 c5 27.e4 b4 28.Qc4 bxc3 29.Qxc3 cxd4
30.Qxd4+ Qe5 31.Qxe5+ Bxe5 32.Rb3 Rxb3 33.axb3 Rd8 34.Rf3 Rd2 35.h4 a5 36.Bf1 Kf8
37.h5 g5 38.Bc4 Ke7 39.Rh3 Rc2 40.Bf1 Bd4+ 41.Kh1 Rc1 42.Kg2 Rc2+ 43.Kh1 Rf2
44.Bg2 Re2 45.Rd3 Re1+ 46.Kh2 Be5+ 47.Kh3 Re2 48.Rf3 Bf4 49.Rf1 Kf6 50.Rf3 Ke5
51.Rd3 Rc2 52.Rf3 f5 53.exf5 exf5 54.gxf5 Kxf5  0-1

[Event "NRW Sportland Cup Masters"]
[Site "Senden"]
[Date "1998.10.15"]
[Round "8"]
[White "Woller, Rainer"]
[Black "Schlecht, Daniel"]
[Result "1/2-1/2"]
[WhiteElo "2210"]
[BlackElo "2395"]

1.d4 d5 2.Nf3 Nf6 3.c4 c6 4.Qc2 dxc4 5.Qxc4 Bf5 6.g3 e6 7.Bg2 Nbd7 8.O-O Be7
9.Nc3 O-O 10.e3 Rc8 11.Qe2 Ne4 12.Nxe4 Bxe4 13.Bd2 c5 14.Rfc1 Nb6 15.dxc5 Bxc5
16.Ba5 Qd5 17.Bxb6 Bxb6 18.b3 Ba5 19.Nh4 Bxg2 20.Nxg2 Qd2 21.Qxd2 Bxd2 22.Rxc8 Rxc8
23.Ne1 Kf8 24.Kf1 Ke7 25.Rd1 Ba5 26.Rb1 g5 27.b4 Bb6 28.h3 h5 29.Rb2 Rc1
30.Ke2 f5 31.Nd3 Rc8 32.Nc5 Rc7 33.Na4 Rc1 34.Nc5 Rh1 35.Kf3 Rxh3 36.Kg2 g4
37.Rd2 h4 38.Rd7+ Kf6 39.Rxb7 hxg3 40.fxg3 Bxc5 41.bxc5 Rh8 42.Rxa7 Rc8 43.Ra5 Ke5
44.c6+ Kd6 45.Ra6 Kc7 46.e4 Rf8 47.exf5 exf5 48.Kf2 f4  1/2-1/2

[Event "SWE-chT 9899"]
[Site "Sweden"]
[Date "1998.10.16"]
[Round "1"]
[White "Astrom, Robert"]
[Black "Hector, Jonny"]
[Result "1-0"]
[WhiteElo "2460"]
[BlackElo "2510"]

1.d4 d5 2.c4 c6 3.Nf3 Nf6 4.Qc2 g6 5.Bf4 Na6 6.Nbd2 Nb4 7.Qb3 dxc4 8.Nxc4 a5
9.a3 Nbd5 10.Be5 a4 11.Qd1 Bh6 12.e3 O-O 13.Bd3 b5 14.Ncd2 Ng4 15.O-O f6
16.Bg3 e5 17.Qc2 exd4 18.exd4 Nf4 19.h3 Ne5 20.Bxf4 Nxf3+ 21.Nxf3 Bxf4 22.Qxc6 Rb8
23.Bxb5 Bb7 24.Qc4+ Bd5 25.Qxa4 Bxf3 26.gxf3 f5 27.Rfe1 Qg5+ 28.Kf1 Qh5 29.Qb3+ Kh8
30.Re6 Bh6 31.a4 Qxh3+ 32.Ke2 Qh4 33.Rd1 Bg7 34.Qd3 g5 35.d5 g4 36.f4 Qh5
37.b3 Rfc8 38.Bc4 Re8 39.Qe3 g3+ 40.Qf3 Qf7 41.fxg3 Rec8 42.Kf1 Bf6 43.a5 Rg8
44.d6  1-0

[Event "BL2-N9899"]
[Site "Germany"]
[Date "1998.10.18"]
[Round "1.6"]
[White "Hoerstmann, Rudi"]
[Black "Hebbinghaus, Holger"]
[Result "1/2-1/2"]
[WhiteElo "2225"]
[BlackElo "2245"]

1.d4 d5 2.c4 c6 3.Nf3 Nf6 4.Qc2 g6 5.Bf4 dxc4 6.Qxc4 Bg7 7.Nc3 O-O 8.e4 b5
9.Qd3 b4 10.Na4 Ba6 11.Qc2 Bxf1 12.Kxf1 Qa5 13.b3 Qb5+ 14.Kg1 Nbd7 15.Rc1 Rac8
16.h3 Nh5 17.Be3 e5 18.Qc4 a5 19.Kh2 exd4 20.Nxd4 Qe5+ 21.g3 c5 22.Nf3 Qf6
23.Kg2 Rfe8 24.Qd5 Qe7 25.Nxc5 Nhf6 26.Qb7 Nxc5 27.Qxe7 Rxe7 28.Rxc5 Rxc5
29.Bxc5 Rxe4 30.Rd1 h6 31.Bb6 Re6 32.Bxa5 Ra6 33.Bxb4 Rxa2 34.Rd2 Ra1 35.Bc3 Rc1
36.Bb2 Rb1 37.Re2 Nd5 38.Re8+ Kh7 39.Bxg7 Kxg7 40.Rb8 Rb2 41.Ne5 Ne3+ 42.Kf3 Nf5
43.b4 Kf6 44.Nd3 Rd2 45.Ke4 Re2+ 46.Kf3 Nd4+ 47.Kg2 Rd2 48.Rb6+ Kg7 49.Ne5 Re2
50.Nc4 Rc2 51.Nd6 f5 52.Nb7 Nb3 53.Nd8 Nd2 54.Ne6+ Kf7 55.Nc5 Ne4 56.Nxe4 fxe4
57.Kf1 Rb2 58.b5 h5 59.Rb8 Kf6 60.b6 Kg7 61.h4 Kf6 62.b7 Kg7 63.Ke1 Kh7 64.Kd1 Kg7
65.Kc1 Rb4 66.Kc2 Rb6 67.Kc3 Rb1 68.Kd4 Rb5 69.Kxe4 Rb1 70.Kf3 Rb3+ 71.Kg2 Rb2
72.Kf3 Rb3+ 73.Ke4 Rb1 74.f4 Rb4+ 75.Kd5 Rb1 76.Ke4 Rb4+ 77.Kd5 Rb1 78.f5 gxf5
79.Ke5 Rb5+ 80.Kf4 Rb3 81.Kxf5 Rb1 82.Re8 Rxb7 83.Re5 Rb3 84.Kf4 Kg6 85.Re6+ Kg7
86.Re3 Rb4+ 87.Kf3  1/2-1/2

[Event "Andres Clemente Vazquez mem"]
[Site "Guiines"]
[Date "1998.10.21"]
[Round "8"]
[White "Castillo Castelan, Miguel"]
[Black "Gonzalez, Renier"]
[Result "0-1"]
[WhiteElo "2110"]
[BlackElo "2385"]

1.d4 d5 2.c4 c6 3.Nf3 dxc4 4.e4 b5 5.a4 Bb7 6.b3 e6 7.bxc4 bxc4 8.Bxc4 Nf6
9.Qb3 Qb6 10.Bxe6 fxe6 11.Qxe6+ Be7 12.e5 Qa5+ 13.Bd2 Qd5 14.Qh3 Ne4 15.O-O O-O
16.Nc3 Nxc3 17.Bxc3 Na6 18.Rab1 Rab8 19.Qg3 Ba8 20.h4 Nc7 21.h5 Ne6 22.h6 g6
23.Nh4 c5 24.Rxb8 Rxb8 25.Nf5 Bf8 26.Ne3 Qb3 27.d5 Nd4 28.Bxd4 cxd4 29.Ng4 Bxd5
30.Qf4 Be6 31.Nf6+ Kh8 32.Rc1 Qb6 33.g4 d3 34.g5 Rd8 35.Ne4 Be7 36.Rd1 Qd4
37.Kg2 Rf8 38.Qe3 Qxe3 39.fxe3 Bd5  0-1

[Event "Najdorf op"]
[Site "Buenos Aires"]
[Date "1998.10.24"]
[Round "1"]
[White "Hoffman, Alejandro"]
[Black "Castillo, Santiago"]
[Result "1-0"]
[WhiteElo "2525"]
[BlackElo "2140"]

1.d4 d5 2.c4 c6 3.Nf3 Nf6 4.Qb3 e6 5.g3 Bd6 6.Bg2 O-O 7.O-O Nbd7 8.Nc3 b6
9.Nd2 Bb7 10.e4 Nxe4 11.Ndxe4 dxe4 12.Nxe4 Be7 13.Rd1 Nf6 14.Nc3 Qd7 15.Bf4 Rfd8
16.a4 Re8 17.a5 bxa5 18.Rxa5 Bd8 19.Raa1 h6 20.h3 Be7 21.Ra5 g5 22.Be3 Qc7
23.Rda1 a6 24.R5a2 Rab8 25.Qd1 c5 26.Bxb7 Rxb7 27.dxc5 Bxc5 28.Bxc5 Qxc5
29.Qf3 Qe7 30.Rxa6 Kg7 31.Nb5 Reb8 32.b3 Ne8 33.Ra7 Nf6 34.Kg2 Nd5 35.cxd5  1-0

[Event "Bourbon Lancy op"]
[Site "Bourbon Lancy"]
[Date "1998.10.26"]
[Round "4"]
[White "Vareille, Francois"]
[Black "Legky, Nikolay A"]
[Result "1/2-1/2"]
[WhiteElo "2410"]
[BlackElo "2465"]

1.d4 d5 2.c4 c6 3.Nf3 dxc4 4.e3 Be6 5.Qc2 b5 6.a4 Nd7 7.Ng5 Ngf6 8.Nxe6 fxe6
9.b3 Nb6 10.bxc4 Nxc4 11.Bxc4 bxc4 12.O-O g6 13.Qxc4 Qd5 14.Qa6 Bg7 15.Ba3 Ne4
16.f3 Nd6 17.Nd2 O-O 18.Rfd1 e5 19.dxe5 Qxe5 20.Nc4  1/2-1/2

[Event "Najdorf op"]
[Site "Buenos Aires"]
[Date "1998.10.26"]
[Round "3"]
[White "Hoffman, Alejandro"]
[Black "Kanefsck, Gustavo"]
[Result "1-0"]
[WhiteElo "2525"]
[BlackElo "2400"]

1.d4 d5 2.c4 c6 3.Nf3 Nf6 4.Qc2 e6 5.g3 Bd6 6.Bg2 O-O 7.O-O Nbd7 8.Bf4 Qc7
9.Bxd6 Qxd6 10.Rd1 Qe7 11.Nbd2 e5 12.cxd5 Nxd5 13.dxe5 Nxe5 14.Nxe5 Qxe5
15.Nc4 Qh5 16.Bxd5 cxd5 17.Ne3 Be6 18.Rd4 Rfd8 19.Rad1 Qe5 20.Qd2 g6 21.f4 Qc7
22.f5 gxf5 23.Ng2 Qe5 24.Nf4 Kh8 25.Rf1 Rg8 26.Rf3 Rg4 27.Re3 Qf6 28.Rb4 Rag8
29.Nh5 Qd8 30.Rxg4 Rxg4 31.h3 Rg6 32.Qd4+ Kg8 33.Qxa7 b6 34.Qa4 h6 35.Qd4 Qd6
36.b4 b5 37.Kh2 Qd8 38.Ra3 Qb8 39.Nf4 Rg7 40.Ra7 Qc8 41.Nh5 Rg6 42.Qc5 Qd8
43.Nf4 Rg7 44.Qxb5  1-0

[Event "ISL-ch"]
[Site "Arborg"]
[Date "1998.11.01"]
[Round "6"]
[White "Thorsteinsson, Thorsteinn"]
[Black "Thorfinnsson, Bragi"]
[Result "1/2-1/2"]
[WhiteElo "2310"]
[BlackElo "2235"]

1.d4 d5 2.c4 c6 3.Nf3 Nf6 4.Qc2 e6 5.g3 b6 6.Bg2 Ba6 7.Nbd2 Bd6 8.O-O O-O
9.b3 Bb7 10.e4 dxe4 11.Nxe4 Nxe4 12.Qxe4 Nd7 13.Bb2 Re8 14.Rad1 Qc7 15.Rfe1 Rad8
16.Qc2 h6 17.Rd3 c5 18.d5 exd5 19.Rxe8+ Rxe8 20.cxd5 Ba6 21.Re3 Qd8 22.Qc3 Bf8
23.Nh4 Rxe3 24.fxe3 b5 25.e4 b4 26.Qc2  1/2-1/2

[Event "DEN-chT 9899"]
[Site "Denmark"]
[Date "1998.11.01"]
[Round "1"]
[White "Pedersen, Nicolai Vesterbaek"]
[Black "Pedersen, Daniel Vesterbaek"]
[Result "1/2-1/2"]
[WhiteElo "2315"]
[BlackElo "2260"]

1.d4 d5 2.c4 c6 3.Nf3 Nf6 4.Qc2 g6 5.Nc3 Bg7 6.Bg5 O-O 7.e3 Nbd7 8.Bd3 a6
9.b3 b5 10.O-O dxc4 11.bxc4 bxc4 12.Bxc4 c5 13.d5 Nb6 14.Qd3 a5 15.Ne5 Bf5
16.Qe2 Ne4 17.Nxe4 Bxe5 18.d6 Bxd6  1/2-1/2

[Event "Chigorin mem"]
[Site "St. Petersburg"]
[Date "1998.11.01"]
[Round "2"]
[White "Ulko, Jaroslav"]
[Black "Lastin, Alexander"]
[Result "0-1"]
[WhiteElo "2405"]
[BlackElo "2550"]

1.d4 d5 2.c4 c6 3.Nf3 dxc4 4.e3 Be6 5.Be2 Nd7 6.O-O Ngf6 7.Qc2 Bg4 8.Nbd2 e5
9.Bxc4 Bd6 10.Qb3 O-O 11.Qxb7 Bxf3 12.Nxf3 e4 13.Nd2 Rb8 14.Qa6 Bxh2+ 15.Kxh2 Ng4+
16.Kg3 Rb6 17.Qa5 c5 18.b4 Qe7 19.bxc5 Rh6 20.Nxe4 Nh2  0-1